[Event "EU-ch Amateur Online 1700/2000"]
[Site "Tornelo INT"]
[Date "2021.04.24"]
[Round "5"]
[White "Rusu, Vlad"]
[Black "Skiadopoulos, Nikolaos"]
[Result "1-0"]
[WhiteElo "1797"]
[BlackElo "1941"]
[PlyCount "107"]
[EventDate "2021.04.24"]
[EventType "swiss (rapid)"]
[EventRounds "8"]
[EventCountry "NET"]
[SourceTitle "EXT 2023"]
[Source "ChessBase"]
[SourceDate "2022.10.05"]
[SourceVersion "1"]
[SourceVersionDate "2022.10.05"]
[SourceQuality "1"]

1. e4 c5 2. Nf3 Nc6 3. c3 Nf6 4. e5 Nd5 5. d4 cxd4 6. cxd4 g6 7. Bc4 Nb6 8. Bxf7+ Kxf7 9. d5 Nxd5 10. Qxd5+ e6 11. Qe4 d5 12. exd6 Qxd6 13. 0-0 h6 14. Nh4 e5 15. Be3 Qf6 16. f4 Bf5 17. Nxf5 gxf5 18. fxe5 fxe4 19. Rxf6+ Kg7 20. Nc3 Nxe5 21. Nxe4 Ng4 22. Rf3 Nxe3 23. Rxe3 Be7 24. Rf1 Rhf8 25. Rg3+ Kh7 26. Rc3 Rxf1+ 27. Kxf1 Rf8+ 28. Ke2 Rf7 29. Rc7 Rg7 30. Rxb7 Rxg2+ 31. Kf3 Rg7 32. Rxa7 h5 33. Ng3 h4 34. Nf5 Rg5 35. Rxe7+ Kg6 36. Nxh4+ Kf6 37. Rb7 Ra5 38. a3 Rh5 39. Kg4 Rc5 40. b3 Rc3 41. a4 Rc2 42. a5 Rxh2 43. a6 Ra2 44. a7 Ke6 45. Kf4 Kd6 46. Nf3 Kc6 47. Re7 Kb6 48. Ke3 Ra3 49. Nd4 Kc5 50. Kd3 Ra6 51. Kc3 Kb6 52. Re6+ Kxa7 53. Rxa6+ Kxa6 54. b4 1-0

[Event "EU-ch Online 2300+ Final"]
[Site "Chess.com INT"]
[Date "2020.05.30"]
[Round "5"]
[White "Dmitrenko, Viktor"]
[Black "Rusu, Vlad"]
[Result "0-1"]
[WhiteElo "2456"]
[BlackElo "1833"]
[PlyCount "70"]
[EventDate "2020.05.30"]
[EventType "swiss"]
[EventRounds "8"]
[EventCountry "NET"]
[SourceTitle "CBM 196 Extra"]
[Source "ChessBase"]
[SourceDate "2020.07.31"]
[SourceVersion "1"]
[SourceVersionDate "2020.07.31"]
[SourceQuality "1"]

1. d4 Nf6 2. Nf3 d5 3. e3 Bf5 4. c4 c6 5. Nc3 e6 6. Bd3 Bg6 7. 0-0 Bd6 8. b3 Nbd7 9. Bb2 Rc8 10. Re1 Ne4 11. Ne2 f5 12. Nf4 Bxf4 13. exf4 Bh5 14. Be2 0-0 15. a3 Qc7 16. Rc1 Qxf4 17. Qd3 Rf6 18. g3 Rg6 19. Qe3 Nxg3 20. Qxf4 Nxe2+ 21. Kf1 Nxf4 22. Nh4 Rf6 23. Re3 g5 24. Ng2 Nxg2 25. Kxg2 Re8 26. Rce1 f4 27. Rh3 Bg4 28. Rc3 Kf7 29. a4 h5 30. f3 Bf5 31. b4 g4 32. h3 gxh3+ 33. Kh2 Rg8 34. cxd5 exd5 35. Bc1 Rg2+ 0-1

[Event "EU-ch Online 2300+ Final"]
[Site "Chess.com INT"]
[Date "2020.05.30"]
[Round "6"]
[White "Rusu, Vlad"]
[Black "Patrelakis, Evaggelos"]
[Result "1-0"]
[WhiteElo "1833"]
[BlackElo "2259"]
[PlyCount "55"]
[EventDate "2020.05.30"]
[EventType "swiss"]
[EventRounds "8"]
[EventCountry "NET"]
[SourceTitle "CBM 196 Extra"]
[Source "ChessBase"]
[SourceDate "2020.07.31"]
[SourceVersion "1"]
[SourceVersionDate "2020.07.31"]
[SourceQuality "1"]

1. e4 c5 2. Nf3 d6 3. d4 cxd4 4. Nxd4 Nf6 5. Nc3 e6 6. g3 a6 7. Bg2 Qc7 8. 0-0 Be7 9. Kh1 0-0 10. a4 Nc6 11. f4 Bd7 12. Nb3 Rac8 13. Qe2 Nb4 14. Be3 Qc4 15. Qd1 d5 16. Nd2 Qc7 17. e5 Ne8 18. a5 f6 19. Bb6 Qb8 20. Nf3 Nc6 21. Nxd5 exd5 22. Qxd5+ Rf7 23. Qxd7 Bc5 24. Qe6 Bxb6 25. axb6 h6 26. Rad1 Kf8 27. Nh4 Ne7 28. Rd7 1-0

[Event "EU-ch Online 2300+ Qual"]
[Site "Chess.com INT"]
[Date "2020.05.29"]
[Round "2"]
[White "Doric, Nenad"]
[Black "Rusu, Vlad"]
[Result "0-1"]
[WhiteElo "2249"]
[BlackElo "1833"]
[PlyCount "162"]
[EventDate "2020.05.29"]
[EventType "swiss"]
[EventRounds "8"]
[EventCountry "NET"]
[SourceTitle "CBM 196 Extra"]
[Source "ChessBase"]
[SourceDate "2020.07.31"]
[SourceVersion "1"]
[SourceVersionDate "2020.07.31"]
[SourceQuality "1"]

1. e4 e5 2. Nf3 Nc6 3. Nc3 Nf6 4. Bb5 Bb4 5. 0-0 d6 6. d4 0-0 7. Bg5 Bxc3 8. bxc3 h6 9. Bh4 Qe7 10. Re1 Bg4 11. h3 Bh5 12. g4 Bg6 13. d5 Nb8 14. Bd3 Nbd7 15. Bg3 Nc5 16. Nd2 c6 17. c4 h5 18. f3 Nfd7 19. Nf1 Na4 20. Ne3 Qf6 21. Nf5 Bxf5 22. exf5 cxd5 23. cxd5 hxg4 24. fxg4 Nc3 25. Qd2 e4 26. Bf1 Ne5 27. Bg2 Rac8 28. Kh1 Nf3 29. Bxf3 exf3 30. Rf1 Ne4 31. Qf4 Nxg3+ 32. Qxg3 Rxc2 33. Qxf3 Rc3 34. Qg2 Qh4 35. Rf3 Rfc8 36. Rxc3 Rxc3 37. Kh2 Qf6 38. Re1 Qd4 39. Kh1 Rd3 40. Rf1 Rd2 41. Qf3 Qe5 42. Rf2 Rxd5 43. f6 Rd1+ 44. Kg2 Qe1 45. Kg3 g5 46. Qf5 Qe3+ 47. Kg2 Rd2 48. Qc8+ Kh7 49. Rxd2 Qxd2+ 50. Kg3 Qf4+ 51. Kg2 Qe4+ 52. Kg3 Qd3+ 53. Kg2 Qd5+ 54. Kg3 Kg6 55. Qh8 Qe5+ 56. Kg2 Qxf6 57. Qg8+ Qg7 58. Qc8 Qb2+ 59. Kg3 Qa3+ 60. Kg2 Qxa2+ 61. Kg3 Qe6 62. Qxb7 a5 63. Qb1+ Kh6 64. Qb8 Qf6 65. Qa8 Qf4+ 66. Kg2 a4 67. Qh8+ Kg6 68. Qg8+ Kf6 69. Qd8+ Ke5 70. Qe8+ Kf6 71. Qd8+ Kg7 72. Qa8 Qd2+ 73. Kg3 Qd3+ 74. Kg2 a3 75. Qa5 d5 76. Qd8 Qd2+ 77. Kg3 a2 78. Qa8 Qe1+ 79. Kf3 a1Q 80. Qxd5 Qf1+ 81. Kg3 Qc3+ 0-1

[Event "EU-ch Online 2300+ Qual"]
[Site "Chess.com INT"]
[Date "2020.05.29"]
[Round "4"]
[White "Rusu, Vlad"]
[Black "Iljin, Timofey"]
[Result "0-1"]
[WhiteElo "1833"]
[BlackElo "2273"]
[PlyCount "96"]
[EventDate "2020.05.29"]
[EventType "swiss"]
[EventRounds "8"]
[EventCountry "NET"]
[SourceTitle "CBM 196 Extra"]
[Source "ChessBase"]
[SourceDate "2020.07.31"]
[SourceVersion "1"]
[SourceVersionDate "2020.07.31"]
[SourceQuality "1"]

1. e4 c5 2. Nf3 Nc6 3. c3 Nf6 4. e5 Nd5 5. d4 cxd4 6. cxd4 d6 7. Be2 dxe5 8. dxe5 g6 9. Nc3 Nxc3 10. Qxd8+ Nxd8 11. bxc3 Bd7 12. Nd4 Bg7 13. f4 Rc8 14. Bd2 0-0 15. 0-0 f6 16. exf6 Rxf6 17. Rad1 Rd6 18. Nb5 Bxb5 19. Bxb5 Bxc3 20. Bxc3 Rxc3 21. Rxd6 exd6 22. Rd1 Ne6 23. Rxd6 Nxf4 24. Rd8+ Kg7 25. Rd7+ Kh6 26. Rxb7 Rc1+ 27. Kf2 Rc2+ 28. Kf3 Nxg2 29. Rxa7 Ne1+ 30. Kg3 Rg2+ 31. Kh3 Rg1 32. Bc6 Nd3 33. Bg2 Nf4+ 34. Kg3 g5 35. h4 Rxg2+ 36. Kf3 Rd2 37. hxg5+ Kxg5 38. Rxh7 Nd5 39. Ra7 Kf5 40. Rf7+ Ke5 41. a4 Rd3+ 42. Ke2 Ra3 43. Ra7 Ke4 44. Kd2 Ra2+ 45. Kc1 Kd3 46. Ra8 Rc2+ 47. Kd1 Ne3+ 48. Ke1 Re2# 0-1

[Event "EU-ch Online U2300 Final"]
[Site "Chess.com INT"]
[Date "2020.05.26"]
[Round "7"]
[White "Rusu, Vlad"]
[Black "Baskin, Robert"]
[Result "0-1"]
[WhiteElo "1833"]
[BlackElo "2390"]
[PlyCount "146"]
[EventDate "2020.05.26"]
[EventType "swiss"]
[EventRounds "8"]
[EventCountry "NET"]
[SourceTitle "CBM 196 Extra"]
[Source "ChessBase"]
[SourceDate "2020.07.31"]
[SourceVersion "1"]
[SourceVersionDate "2020.07.31"]
[SourceQuality "1"]

1. e4 c5 2. Nf3 Nc6 3. c3 d5 4. exd5 Qxd5 5. d4 Nf6 6. Be2 cxd4 7. cxd4 e6 8. 0-0 Be7 9. Nc3 Qd6 10. Nb5 Qd8 11. Bf4 Nd5 12. Bg3 0-0 13. Ne5 Bd7 14. Nxd7 Qxd7 15. Nc3 Bf6 16. Bb5 a6 17. Bxc6 Qxc6 18. Ne4 Be7 19. Rc1 Qb6 20. Qa4 f5 21. Nc5 f4 22. Nd7 Qb5 23. Qxb5 axb5 24. Nxf8 Kxf8 25. Rce1 Ra6 26. Re2 fxg3 27. fxg3+ Bf6 28. a3 Ke7 29. Rd1 Ra4 30. Re4 Rc4 31. Rd2 Kd6 32. Kf2 Ne7 33. g4 Nc6 34. Ke2 Kd5 35. Kd3 Rxd4+ 36. Rxd4+ Bxd4 37. g5 e5 38. Rd1 Bxb2 39. Rb1 e4+ 40. Kc2 Bxa3 41. Rxb5+ Kc4 42. Rxb7 Ne7 43. Kd2 Bc5 44. g4 e3+ 45. Ke2 Nd5 46. Rb2 Nc3+ 47. Kf1 Kd3 48. Rb8 e2+ 49. Ke1 Bd4 50. Rd8 Ne4 51. h4 Ke3 52. Rxd4 Kxd4 53. Kxe2 Nc5 54. Kf3 Ne6 55. g6 hxg6 56. g5 Ke5 57. Kg4 Ke4 58. h5 gxh5+ 59. Kxh5 Kf5 60. g6 Kf6 61. Kh4 Kxg6 62. Kg4 Kf6 63. Kh4 g5+ 64. Kg4 Kg6 65. Kg3 Kf5 66. Kh3 g4+ 67. Kg3 Kg5 68. Kg2 Kf4 69. Kf2 g3+ 70. Kg2 Kg4 71. Kg1 Kh3 72. Kh1 g2+ 73. Kg1 Nc5 0-1

[Event "EU-ch Online U2300 Final"]
[Site "Chess.com INT"]
[Date "2020.05.26"]
[Round "4"]
[White "Rusu, Vlad"]
[Black "Hasanagic, Anel"]
[Result "1-0"]
[WhiteElo "1833"]
[BlackElo "2235"]
[PlyCount "135"]
[EventDate "2020.05.26"]
[EventType "swiss"]
[EventRounds "8"]
[EventCountry "NET"]
[SourceTitle "CBM 196 Extra"]
[Source "ChessBase"]
[SourceDate "2020.07.31"]
[SourceVersion "1"]
[SourceVersionDate "2020.07.31"]
[SourceQuality "1"]

1. e4 c6 2. d4 d5 3. exd5 cxd5 4. Bd3 Nf6 5. Bf4 Nc6 6. c3 g6 7. Nd2 Bg7 8. Qb3 0-0 9. h3 b6 10. Ngf3 Bf5 11. Bxf5 gxf5 12. 0-0 Ne4 13. Nxe4 fxe4 14. Ne5 Nxe5 15. dxe5 e6 16. f3 exf3 17. Rxf3 Qh4 18. Raf1 Rac8 19. Qd1 Rc4 20. Qd2 Kh8 21. Bg5 Qh5 22. Rf6 Re4 23. R6f3 Rxe5 24. Be7 Rg8 25. Rxf7 Re2 26. Qd3 Be5 27. Rxh7+ Qxh7 28. Qxe2 Qxe7 29. Qxe5+ Qg7 30. Qh5+ Qh7 31. Qxh7+ Kxh7 32. Rf7+ Kg6 33. Rxa7 Kf5 34. Rb7 Ke4 35. Rxb6 e5 36. Kf2 d4 37. cxd4 exd4 38. g4 d3 39. Rb4+ Kd5 40. Ke3 Kc5 41. Rd4 Rh8 42. Rxd3 Rxh3+ 43. Ke4 Rh2 44. Rg3 Rxb2 45. g5 Rxa2 46. Kf5 Kd6 47. Re3 Rf2+ 48. Kg6 Rf1 49. Kg7 Rg1 50. g6 Rg2 51. Kf7 Rf2+ 52. Kg8 Rg2 53. g7 Rg1 54. Rf3 Ke7 55. Re3+ Kd7 56. Rf3 Ke7 57. Rf7+ Ke8 58. Rf6 Ke7 59. Rf2 Ke8 60. Re2+ Kd7 61. Rh2 Ke7 62. Kh7 Kf7 63. Rf2+ Ke7 64. g8Q Rh1+ 65. Kg7 Rg1+ 66. Kh8 Rh1+ 67. Qh7+ Rxh7+ 68. Kxh7 1-0

[Event "EU-ch Online U2300 Final"]
[Site "Chess.com INT"]
[Date "2020.05.26"]
[Round "2"]
[White "Rusu, Vlad"]
[Black "Ruperez Benito, Antonio"]
[Result "1-0"]
[WhiteElo "1833"]
[BlackElo "2356"]
[PlyCount "33"]
[EventDate "2020.05.26"]
[EventType "swiss"]
[EventRounds "8"]
[EventCountry "NET"]
[SourceTitle "CBM 196 Extra"]
[Source "ChessBase"]
[SourceDate "2020.07.31"]
[SourceVersion "1"]
[SourceVersionDate "2020.07.31"]
[SourceQuality "1"]

1. e4 e6 2. d4 d5 3. Nc3 Bb4 4. e5 c5 5. a3 Bxc3+ 6. bxc3 Qa5 7. Bd2 Qa4 8. Qg4 Kf8 9. Ra2 Nc6 10. Nf3 Nge7 11. Bd3 b6 12. h4 Ba6 13. 0-0 Bxd3 14. cxd3 Nf5 15. Qf4 h5 16. dxc5 bxc5 17. Qxa4 1-0

[Event "EU-ch Online U2300 Final"]
[Site "Chess.com INT"]
[Date "2020.05.26"]
[Round "6"]
[White "Sargissyan, Sargis"]
[Black "Rusu, Vlad"]
[Result "0-1"]
[WhiteElo "2269"]
[BlackElo "1833"]
[PlyCount "82"]
[EventDate "2020.05.26"]
[EventType "swiss"]
[EventRounds "8"]
[EventCountry "NET"]
[SourceTitle "CBM 196 Extra"]
[Source "ChessBase"]
[SourceDate "2020.07.31"]
[SourceVersion "1"]
[SourceVersionDate "2020.07.31"]
[SourceQuality "1"]

1. e4 e5 2. Nf3 Nc6 3. Bb5 Nf6 4. d3 Bc5 5. Bxc6 dxc6 6. Nbd2 0-0 7. Nc4 Nd7 8. 0-0 f6 9. Be3 Qe7 10. Nh4 Bxe3 11. fxe3 Nb6 12. Nd2 Qc5 13. Re1 Be6 14. Nb3 Bxb3 15. axb3 g6 16. Qd2 Qe7 17. g3 a6 18. Rf1 Rad8 19. Rf3 f5 20. exf5 e4 21. f6 Rxf6 22. Rxf6 Qxf6 23. d4 Rf8 24. Qe2 g5 25. Ng2 Qf3 26. Qe1 Nd5 27. c3 Nf6 28. Rd1 Qh5 29. Rd2 Ng4 30. h4 Rf3 31. Qb1 Rxg3 32. Qxe4 Nxe3 33. Qe6+ Qf7 34. Qxf7+ Kxf7 35. hxg5 Rxg5 36. Kh2 Rxg2+ 37. Rxg2 Nxg2 38. Kxg2 Ke6 39. Kf3 Kf5 40. b4 h6 41. b3 h5 0-1

[Event "EU-ch Online U2300 Qual"]
[Site "Chess.com INT"]
[Date "2020.05.25"]
[Round "6"]
[White "Ivic, Velimir"]
[Black "Rusu, Vlad"]
[Result "0-1"]
[WhiteElo "2548"]
[BlackElo "1833"]
[PlyCount "64"]
[EventDate "2020.05.25"]
[EventType "swiss"]
[EventRounds "8"]
[EventCountry "NET"]
[SourceTitle "EXT 2021"]
[Source "ChessBase"]
[SourceDate "2020.10.23"]
[SourceVersion "1"]
[SourceVersionDate "2020.10.23"]
[SourceQuality "1"]

1. e4 e5 2. Nf3 Nc6 3. Bb5 Nf6 4. 0-0 Nxe4 5. d4 exd4 6. Re1 f5 7. Nxd4 Nxd4 8. Qxd4 c6 9. Bd3 d5 10. f3 Qa5 11. Qe5+ Kf7 12. Bd2 Bc5+ 13. Kf1 Nxd2+ 14. Nxd2 Qxd2 15. Qc7+ Kg6 16. Re2 Qg5 17. Rae1 h6 18. Re8 Rxe8 19. Rxe8 Qd2 20. Re2 Qc1+ 21. Re1 Qg5 22. Re8 Qh4 23. Ke2 Qf2+ 24. Kd1 Be3 25. Qg3+ Qxg3 26. hxg3 Bc5 27. g4 Kf7 28. Rd8 Be7 29. Rh8 fxg4 30. Bf5 gxf3 31. g4 Bxf5 32. Rxa8 Bxg4 0-1

[Event "EU-ch Online U2300 Qual"]
[Site "Chess.com INT"]
[Date "2020.05.25"]
[Round "4"]
[White "Rusu, Vlad"]
[Black "Nikac, Predrag"]
[Result "1-0"]
[WhiteElo "1833"]
[BlackElo "2313"]
[PlyCount "93"]
[EventDate "2020.05.25"]
[EventType "swiss"]
[EventRounds "8"]
[EventCountry "NET"]
[SourceTitle "EXT 2021"]
[Source "ChessBase"]
[SourceDate "2020.10.23"]
[SourceVersion "1"]
[SourceVersionDate "2020.10.23"]
[SourceQuality "1"]

1. e4 c5 2. Nf3 Nc6 3. c3 g6 4. d4 cxd4 5. cxd4 Bg7 6. Nc3 d6 7. Be3 Nf6 8. h3 0-0 9. Be2 e5 10. d5 Ne7 11. 0-0 Nh5 12. Nd2 Nf4 13. f3 f5 14. Nc4 a6 15. a4 fxe4 16. fxe4 Bh6 17. Qd2 Rf6 18. Kh2 Bg7 19. Rxf4 exf4 20. Bxf4 Qf8 21. Bg3 Bh6 22. Qd4 Bg7 23. Qe3 Bd7 24. Nxd6 Bh6 25. Qg1 Rxd6 26. Bxd6 Qf6 27. Qc5 Rc8 28. Qb4 a5 29. Qa3 Re8 30. Bxe7 Rxe7 31. Rf1 Qe5+ 32. g3 Bf8 33. Qb3 Be8 34. d6+ Rf7 35. Bc4 Bxd6 36. Bxf7+ Kg7 37. Ne2 Bc6 38. Bxg6 hxg6 39. Qf7+ Kh6 40. Rf4 Be7 41. Nc3 g5 42. Rf5 Qd6 43. e5 Qd2+ 44. Rf2 Qc1 45. Qe6+ Kh5 46. g4+ Kh4 47. Qh6# 1-0